Mineral sciences investigations, 1974-1975 /

Bibliographic Details
Corporate Authors: Smithsonian Institution. Press, National Museum of Natural History (U.S.). Department of Mineral Sciences
Other Authors: Mason, Brian (Brian Harold), 1917-2009
Format: Government Document eBook
Language:English
Published: Washington : Smithsonian Institution Press, 1977.
Series:Smithsonian contributions to the earth sciences ; no. 19.
Subjects:
Online Access:https://purl.fdlp.gov/GPO/LPS116068

MARC

Tag First Indicator Second Indicator Subfields
LEADER 00000cam a2200000 a 4500
001 in00002529913
005 20211202192343.0
006 m d f
007 cr bn|||||||||
008 091105s1977 dcuab sb f000 0 eng c
035 |a (OCoLC)ocn463463913 
040 |a GPO  |c GPO  |d MvI  |d UtOrBLW 
042 |a pcc 
049 |a WWW 
074 |a 0910-B (online) 
086 0 |a SI 1.26:19 
245 0 0 |a Mineral sciences investigations, 1974-1975 /  |c Brian Mason, editor. 
264 1 |a Washington :  |b Smithsonian Institution Press,  |c 1977. 
300 |a 1 online resource (iii, 125 pages) :  |b illustrations, maps. 
336 |a text  |b txt  |2 rdacontent 
337 |a computer  |b c  |2 rdamedia 
338 |a online resource  |b cr  |2 rdacarrier 
490 1 |a Smithsonian contributions to the earth sciences ;  |v no. 19 
500 |a Title from PDF title screen (SI, viewed Aug. 26, 2009). 
500 |a "Nine short contributions from the Smithsonian's Department of Mineral Sciences." 
504 |a Includes bibliographical references. 
500 |a Electronic resource. 
650 0 |a Meteorites. 
650 0 |a Petrology. 
650 0 |a Mineralogy. 
776 0 8 |i Print version:  |t Mineral sciences investigations, 1974-1975.  |h iii, 125 p.  |w (DLC) 76608124  |w (OCoLC)2190156 
700 1 |a Mason, Brian  |q (Brian Harold),  |d 1917-2009. 
710 2 |a Smithsonian Institution.  |b Press. 
710 2 |a National Museum of Natural History (U.S.).  |b Department of Mineral Sciences. 
830 0 |a Smithsonian contributions to the earth sciences ;  |v no. 19. 
856 4 0 |u https://purl.fdlp.gov/GPO/LPS116068  |t 0 
999 |a MARS 
999 f f |s 7693a8d8-4a1b-3dc6-8443-949d17e43e88  |i 5bf559ee-c68f-38fe-99a9-13b15f02fecc  |t 0 
952 f f |a Texas A&M University  |b College Station  |c Electronic Resources  |d Available Online  |t 0  |e SI 1.26:19  |h Superintendent of Documents classification 
998 f f |a SI 1.26:19  |t 0  |l Available Online